000 00598cam a22002291 4500
001 sa 65009564
003 DLC
005 20260227112202.0
008 921222s1965 ii 000 0 beno
010 _asa 65009564
025 _aPL480:I-B-2029
035 _a(OCoLC)28264191
040 _aDLC
_cICU
_dTxU
_dDLC
042 _apremarc
050 0 0 _aB133.S5
_bG8
100 1 _aGupta, Pradyot.
245 1 0 _aJagadguru Śaṅkarācāryya /
_cPradyota Gupta.
260 _aKalikātā :
_bEs. Sarakāra,
_c1965.
300 _a98 p.
_c23 cm.
500 _aIn Bengali.
600 0 0 _aŚaṅkarācārya.
999 _c66266
_d66266